000 00739cam a2200241 4500
001 ABS65010
008 020204n2002 000 0 eng u
035 _a(Sirsi) u116590
245 _aYorks, north and north-east Lincs
260 _c2002
490 _aProperty Week
_v67(4) 1 February 2002, 45-60(8)
590 _aABS
650 _aYORKSHIRE
650 _aLINCOLNSHIRE
650 _aLEEDS
650 _aPROPERTY-COMMERCIAL PROPERTY-OFFICE PROPERTY-OFFICE PROPERTY MARKET
650 _aINDUSTRIAL MARKET
650 _aPROPERTY-COMMERCIAL PROPERTY-RETAIL PROPERTY-RETAIL PROPERTY MARKET
650 _aNICHE MARKETS
650 _aPLANNING
690 _aPROPERTY-COMMERCIAL PROPERTY-COMMERCIAL PROPERTY MARKET
942 _n0
999 _c69424
_d69424